000 00493nam a2200181Ia 4500
008 240925s9999 xx 000 0 und d
020 _a9781780172903
082 _a658.4039 CAT
100 _aChatham, Robina
245 4 _aThe Art of IT Management: practical tools techniques and peopkle skills
250 _a1st
260 _aNew Delhi:
_bViva Books
_c,2015.
300 _a657p.
_b0
_fOriginal
500 _aIncludes Index
600 _aManagement
650 _aManagement
942 _cBK
999 _c16131
_d16131